000
00173nam a2200073Ia 4500
008
170817s9999 xx 000 0 und d
100
_a
PANKAJAM G.
245
0
_a
EDUCATION & DEVELOPMENT
260
_b
GYAN PUB.
999
_c
37657
_d
37657